| 000 | 00389nam a22001577a 4500 | ||
|---|---|---|---|
| 003 | MACL | ||
| 005 | 20151121143501.0 | ||
| 008 | 151121b xxu||||| |||| 00| 0 eng d | ||
| 040 | _cMACL | ||
| 041 | _aEnglish | ||
| 082 | _a010/POT | ||
| 100 |
_aPotter,Karl H. _917765 |
||
| 245 | _aEncyclopedia of Indian Philosophies Bibliography | ||
| 650 |
_aBibliography _915346 |
||
| 942 |
_2ddc _cBK |
||
| 999 |
_c50835 _d50835 |
||